000 00618nam a2200241Ia 4500
003 OSt
005 20220918200519.0
006 a|||||r|||| 00| 0
007 ta
008 220917b |||||||| |||| 00| 0 eng d
024 _a89,102
037 _cTextual
040 _aARTS
_cARTS
_beng
041 _2eng
_aeng
082 _aU280X9, J7
100 _aRussell J A
_994392
245 0 _aIndustrial operations under extremes of weather
260 _c1957
490 _aMeteorological monographs; 9
650 _aGEOGRAPHY
942 _hU280X9, J7
_cTEXL
_2CC
999 _c212772
_d212772